Karácsony titkától megérintve

Bibliographic Details
Main Author: Bíró, László, 1950- (Author)
Format: Article
Language:Hungarian
Slovak
PhysicalDescription:Fotogr.
ISSN:1335-6534
Subjects:

MARC

LEADER 00000nab a2200000 ar4500
001 vtls008622514
003 SK-MaSNL
005 20260319071416.0
008 051222c2005 xo |||||||| 000 b|hun
015 |a SNBRB2005/12  |2 snkbucl 
038 |a SNKBUCL 
040 |a DSZK  |b slo  |c DSZK  |e AACR2 
041 0 |a slo 
044 |a xo  |c SK 
080 |a 264-941.2:252  |2 UDC-MRF-SK2 
080 |a 252  |2 UDC-MRF-SK2 
100 1 |a Bíró, László,  |d 1950-  |4 aut  |9 339669 
245 1 0 |a Karácsony titkától megérintve  |c Bíró László püspök 
300 |b Fotogr. 
600 1 7 |a Bíró, László  |c biskup  |d 1950-  |x kázne  |2 snkbucl  |9 1070783 
650 0 7 |a Vianoce  |x kázne  |2 snkbucl  |9 580089 
773 0 |t Remény  |g Évf. XVI, sz. 52 (2005), o. 1  |x 1335-6534 
852 |a SNK  |b KIS3GCP 
852 |a DSZK  |b KIS3GCP 
958 |a HU 
958 |a SK 
958 |a NT 
999 |c 1761246  |d 1763176